The seas of doom

Bibliographic Details
Main Author: Cole, Steve
Format: Book
Published: UK : Red Fox , 2005
Series:Astrosaurs
Subjects:

MARC

LEADER 00000cam a2200000 7i4500
001 0000003142
005 20160330.0
008 070717
020 |a 0099472961 
090 0 0 |a COL   |b ENG (7928) 
100 1 |a Cole, Steve 
245 1 4 |a The seas of doom   |c Steve Cole 
260 |a UK :   |b Red Fox ,   |c 2005 
440 |a Astrosaurs 
500 |a Teenager ages 13-18 years old (blue) 
650 0 |a English fiction 
650 0 |a Junior fiction   |x English   |x Languages 
999 |a 0000964247   |b Book   |c Teenagers   |e Perbadanan Perpustakaan Awam Johor 
999 |a 0000964248   |b Book   |c Teenagers   |e Perbadanan Perpustakaan Awam Johor